000 00587nam a2200229Ia 4500
005 20250108124945.0
008 008 250107s9999 xx 000 0 eng d
020 _a978-81-237-8689-6
037 _aTB
040 _aCRL
_beng
_cCRL
041 _aurd
_2eng
084 _aE5:4 Q7
084 _qCRL
100 _aBilal Tahir Au.
_9730168
245 0 _aKhushboo ka karobaar
_cBilal Tahir Au.
260 _aNew Delhi, India
_bApplied books
_c2827
300 _a168p.
365 _aINR
_b345
650 _aURDU POETRY
942 _cTB
_hE5:4 Q7
999 _c1235215
_d1235215